000 007000000a22001930004500
001 768714001
003 CO-MdFUSB
005 20170701112027.0
008 170701s1998 ag ||||| |||| 00| 0 spa d
022 _a0326-7637
040 _aCO-MdFUSB
_bspa
_cCO-MdFUSB
_dCO-MdFUSB
041 _aspa
100 1 _aHeld, Heinz Joachim
_eautor
245 1 0 _aBéla Leskó Primer rector del ISEDET :
_bun pastor migrante en un mundo de migración : Recuerdos personales, datos biográficos, rasgos teológicos
300 _aVolumen 17 (1998), Páginas 7-34
_c23 cm.
546 _aTexto en español
773 0 _tCuadernos de Teología
_049404
_959704
_gVolumen 17 (1998), Páginas 7-34
_qPágina 7
942 _cANA
999 _c50019
_d50019